<?xml version="1.0" encoding="UTF-8"?><?xml-stylesheet type="text/xsl" href="static/style.xsl"?><OAI-PMH xmlns="http://www.openarchives.org/OAI/2.0/" xmlns:xsi="http://www.w3.org/2001/XMLSchema-instance" xsi:schemaLocation="http://www.openarchives.org/OAI/2.0/ http://www.openarchives.org/OAI/2.0/OAI-PMH.xsd"><responseDate>2026-04-17T14:11:12Z</responseDate><request verb="GetRecord" identifier="oai:www.recercat.cat:10230/32579" metadataPrefix="marc">https://recercat.cat/oai/request</request><GetRecord><record><header><identifier>oai:recercat.cat:10230/32579</identifier><datestamp>2025-12-22T13:48:31Z</datestamp><setSpec>com_2072_6</setSpec><setSpec>col_2072_452952</setSpec></header><metadata><record xmlns="http://www.loc.gov/MARC21/slim" xmlns:dcterms="http://purl.org/dc/terms/" xmlns:xsi="http://www.w3.org/2001/XMLSchema-instance" xmlns:doc="http://www.lyncode.com/xoai" xsi:schemaLocation="http://www.loc.gov/MARC21/slim http://www.loc.gov/standards/marcxml/schema/MARC21slim.xsd">
   <leader>00925njm 22002777a 4500</leader>
   <datafield ind2=" " ind1=" " tag="042">
      <subfield code="a">dc</subfield>
   </datafield>
   <datafield ind2=" " ind1=" " tag="720">
      <subfield code="a">Grau Leguia, Marc</subfield>
      <subfield code="e">author</subfield>
   </datafield>
   <datafield ind2=" " ind1=" " tag="720">
      <subfield code="a">Andrzejak, Ralph Gregor</subfield>
      <subfield code="e">author</subfield>
   </datafield>
   <datafield ind2=" " ind1=" " tag="720">
      <subfield code="a">Levnajić, Zoran</subfield>
      <subfield code="e">author</subfield>
   </datafield>
   <datafield ind2=" " ind1=" " tag="260">
      <subfield code="c">2017-07-19T15:59:07Z</subfield>
   </datafield>
   <datafield ind2=" " ind1=" " tag="260">
      <subfield code="c">2017-07-19T15:59:07Z</subfield>
   </datafield>
   <datafield ind2=" " ind1=" " tag="260">
      <subfield code="c">2017</subfield>
   </datafield>
   <datafield ind2=" " ind1=" " tag="520">
      <subfield code="a">Topologies of real-world complex networks are rarely accessible, but can often be reconstructed from experimentally obtained time series via suitable network reconstruction methods. Extending our earlier work on methods based on statistics of derivative-variable correlations, we here present a new method built on integrating an evolutionary optimization algorithm into the derivative-variable correlation method. Results obtained from our modi cation of the method in general outperform the original results, demonstrating the suitability of evolutionary optimization logic in network reconstruction problems. We show the method&amp;apos;s usefulness in realistic scenarios where the reconstruction precision can be limited by the nature of the time series. We also discuss important limitations coming from various dynamical regimes that time series can belong to.</subfield>
   </datafield>
   <datafield ind2=" " ind1=" " tag="520">
      <subfield code="a">This work was founded by the EU via H2020 Marie SklodowskaCurie project COSMOS, grant no. 642563. R G A acknowledges funding from the Volkswagen foundation, the Spanish Ministry of Economy and Competitiveness (Grant FIS2014-54177-R) and the CERCA Programme of the Generalitat de Catalunya. Z L acknowledges funding from the Slovenian Research Agency via program Complex Networks P1-0383 and project J5- 8236.</subfield>
   </datafield>
   <datafield tag="653" ind2=" " ind1=" ">
      <subfield code="a">Network inference</subfield>
   </datafield>
   <datafield tag="653" ind2=" " ind1=" ">
      <subfield code="a">Simulated annealing</subfield>
   </datafield>
   <datafield tag="653" ind2=" " ind1=" ">
      <subfield code="a">Dynamical systems</subfield>
   </datafield>
   <datafield ind2="0" ind1="0" tag="245">
      <subfield code="a">Evolutionary optimization of network reconstruction from derivative-variable correlations</subfield>
   </datafield>
</record></metadata></record></GetRecord></OAI-PMH>